Vteřiny v Lloydu 1942-1943 / 2 :

Hlavní autor: Vlach, Karel, 1911-1986
Korporativní autor: Orchestr Karla Vlacha
Další autoři: Kavka, Arnošt, 1917-1994, Salačová, Jiřina, 1920-1991, Zemánková, Inka, 1915-2000, Sestry Allanovy (hudební skupina)
Jazyk: Čeština
Vydáno: Praha : Supraphon, p1994
Témata:
Fyzický popis: 1 CD : AAD ; 12 cm + 1 složený list.
Zvukové nahrávky
Uloženo v:
LEADER 02192njm a2200601 a 4500
001 000292204
003 CZ BrMZK
005 20040910083741.0
008 950101s1994 xr f cze d
028 0 3 |a 11 2588-2 301  |b Supraphon 
040 |a BOA001  |b cze 
080 |a 785.161(086.7)  |2 MRF 
080 |a 784.4"194"(086.7)  |2 MRF 
100 1 |a Vlach, Karel,  |d 1911-1986  |7 jn20000402552  |4 cnd 
245 1 0 |a Vteřiny v Lloydu  |h [zvukový záznam].  |n 2 :  |b 1942-1943 /  |c Karel Vlach. 
246 3 3 |a Vítr to zná 
246 3 3 |a Aloha oe 
246 3 3 |a Boccacio - stamp 
246 3 3 |a Ci-ri-bi-ri-bin 
246 3 3 |a Hudba kolem nás 
246 3 3 |a Jap 
246 3 3 |a Jednou za tisíc let 
246 3 3 |a Maria, Mari 
246 3 3 |a Meluzína 
246 3 3 |a My tři 
246 3 3 |a Nevíš, ach nevíš 
246 3 3 |a Poblouznění 
246 3 3 |a Poznáte lehce náš rytmus 
246 3 3 |a Prosinec a sníh 
246 3 3 |a Přehlídka skřítků 
246 3 3 |a Rytmus Prahy 
246 3 3 |a Ráj pro nás 
246 3 3 |a Swinganola 
246 3 3 |a Vpravo - vlevo 
260 |a Praha :  |b Supraphon,  |c p1994 
300 |a 1 CD :  |b AAD ;  |c 12 cm +  |e 1 složený list. 
306 |a 005839 
500 |a Durata 58:39 
500 |a Nahr. 1942-43 
505 2 |a Přehlídka skřítků, My tři, Hudba kolem nás ... [et al.] 
511 0 |a Arnošt Kavka, zpěv; Jiřina Salačová, zpěv; Inka Zemánková, zpěv. Allan kvartet, Alanovy sestry; Karel Vlach se svým orchestrem 
653 0 |a taneční orchestr  |a populární hudba  |a jazzová hudba  |a jazzové písně  |a swing  |a orchestrální foxtroty 
700 1 |a Kavka, Arnošt,  |d 1917-1994  |7 jn20000401314  |4 prf 
700 1 |a Salačová, Jiřina,  |d 1920-1991  |7 xx0011985  |4 prf 
700 1 |a Zemánková, Inka,  |d 1915-2000  |7 jn20000402739  |4 prf 
710 2 |a Orchestr Karla Vlacha  |7 kn20010710270 
710 2 |a Sestry Allanovy (hudební skupina)  |7 kn20010724730 
910 |a BOA001  |b CD-0002.331,2 
964 |a Orchestr taneční  |x CD 
964 |a Hudba jazzová  |z stol.20.,pol.1.  |x CD 
964 |a Hudba populární  |z stol.20.,pol.1.  |x CD 
990 |a AV 
996 6 |b 261H002991  |c CD-0002.331,2  |l MZK  |r Sklad / do 24 hodin  |n 0  |w 000292204  |u 000010  |a 1  |e BOA001  |j MZK50  |s P